Diplomacia y academia /
El artículo se divide en dos partes, en la primera trata de una exposición del señor Carlos José Gutiérrez a estudiantes de primer ingreso a la carrera de Relaciones Internacionales de la Universidad Nacional de Heredia tocando temas como: situación académica, los criterios equivocados y amplitud d...
Gorde:
| Egile nagusia: | |
|---|---|
| Formatua: | Liburua |
| Hizkuntza: | Spanish |
| Gaiak: | |
| Etiketak: |
Etiketa erantsi
Etiketarik gabe, Izan zaitez lehena erregistro honi etiketa jartzen!
|
MARC
| LEADER | 00000nam a22000007a 4500 | ||
|---|---|---|---|
| 003 | cru CIDCACS/IIS | ||
| 005 | 20200702145631.0 | ||
| 007 | ta | ||
| 008 | 200702s1984 cr |||p|r||||||0| ||spa|d | ||
| 999 | |c 43230 |d 43230 | ||
| 040 | |c cru CIDCACS/IIS | ||
| 100 | 1 | |9 9410 |a Gutiérrez, Carlos José | |
| 245 | 1 | |a Diplomacia y academia / |c Carlos José Gutiérrez | |
| 300 | |a páginas 37-44 | ||
| 520 | |a El artículo se divide en dos partes, en la primera trata de una exposición del señor Carlos José Gutiérrez a estudiantes de primer ingreso a la carrera de Relaciones Internacionales de la Universidad Nacional de Heredia tocando temas como: situación académica, los criterios equivocados y amplitud de la acción diplomática. En la segunda parte analiza la crisis centroamericana y se refiere al grupo de Contadora, así como a la participación de Costa Rica ante esta situación de crisis donde se aclara que nuestro país no está involucrado dentro del problema centroamericano pero que este afecta en forma directa a dicha nación. OB/JM | ||
| 650 | 4 | |9 1848 |a DIPLOMACIA | |
| 650 | 4 | |9 1849 |a DEMOCRATIZACION | |
| 650 | 0 | |9 67 |a SISTEMAS POLITICOS | |
| 650 | 4 | |9 2646 |a RELACIONES INTERNACIONALES | |
| 650 | 4 | |9 1921 |a INTERVENCION EXTRANJERA | |
| 650 | 0 | |9 138 |a PAZ | |
| 650 | 0 | |9 410 |a GOBIERNO CENTRAL | |
| 650 | 7 | |9 8698 |a GRUPO DE CONTADORA | |
| 650 | 0 | |9 4401 |a CRISIS ESTRUCTURAL | |
| 651 | 0 | |9 32 |a COSTA RICA | |
| 773 | 0 | |0 42998 |9 4676 |a Universidad Nacional de Costa Rica. |d Heredia, Costa Rica: Universidad Nacional. Escuela de Relaciones Internacionales |o MFN: 0798 |t Relaciones Internacionales/ |x 10180583 | |
| 942 | |2 ddc |c PP | ||
